| 000 | 01247nam a2200229Ia 4500 | ||
|---|---|---|---|
| 003 | Ost | ||
| 005 | 20260507075042.0 | ||
| 008 | 260507s9999||||xx |||||||||||||| ||und|| | ||
| 040 | _cfsecg | ||
| 041 | _aara | ||
| 082 | _a330 | ||
| 100 |
_aمحمد بشير، الشافعي _eمؤلف |
||
| 245 | 0 |
_aالمنظمات الدولية / _c الشافعي محمد بشير |
|
| 260 |
_aالاسكندرية: _bمنشأة المعارف, _c2002 |
||
| 300 |
_a501 صفحة؛ _bإيضاحات ؛ _c24 سم |
||
| 490 | _aالكتب القانونية | ||
| 520 | _aالنظرية العامة وأهداف التنظيم الدولي:التعريف بالمنظمة الدولية وأنواعها، أهداف التنظيم الدولي، المنظمات الدولية العالمية:الأمم المتحدة، المنظمات الدولية المتخصصة، المنظمات الدولية الإقليمية:المنظمات الأوربية،منظمة الدول الأمريكية، منظمة الوحدة الأفريقية، جامعة الدول العربية | ||
| 653 | _aالأمم المتحدة | ||
| 653 | _aالمنظمات الدولية | ||
| 653 | _aمنظمة الوحدة الإفريقية | ||
| 942 | _cكتاب | ||
| 999 |
_c42528 _d42528 |
||